[Event "IND-ch U17"]
[Site "Bengaluru"]
[Date "2015.10.08"]
[Round "8"]
[White "Chandar, Raju"]
[Black "Teja, Suresh M"]
[Result "1-0"]
[WhiteElo "2003"]
[BlackElo "1852"]
[PlyCount "95"]
[EventDate "2015.10.03"]
[EventType "swiss"]
[EventRounds "11"]
[EventCountry "IND"]
[SourceTitle "CBM 168 Extra"]
[Source "ChessBase"]
[SourceDate "2015.10.29"]
[SourceVersion "1"]
[SourceVersionDate "2015.10.29"]
[SourceQuality "1"]

1. e4 c5 2. Nf3 d6 3. d4 cxd4 4. Nxd4 Nf6 5. Nc3 g6 6. f3 Bg7 7. Be3 0-0 8. Qd2 Nc6 9. Bc4 Bd7 10. Bb3 Na5 11. Bh6 Nxb3 12. cxb3 Qa5 13. 0-0-0 Rfc8 14. Kb1 Qb4 15. h4 a5 16. h5 Bh8 17. g4 Rc5 18. Nc2 Nxe4 19. Nxe4 Qxd2 20. Bxd2 Rc7 21. hxg6 hxg6 22. Bc3 Bxc3 23. Nxc3 Bc6 24. Nd4 Kg7 25. Rd2 d5 26. f4 e6 27. Rdh2 Kf6 28. g5+ Ke7 29. Rh8 Rcc8 30. Rxc8 Rxc8 31. Rh7 Rf8 32. Kc2 Kd6 33. Kd3 e5 34. fxe5+ Kxe5 35. Nce2 Bd7 36. a3 Bf5+ 37. Ke3 Bg4 38. Nf4 Bf5 39. b4 axb4 40. axb4 Be4 41. Nfe2 Bf5 42. Nf3+ Kd6 43. Nc3 Be6 44. Kd4 Bd7 45. Ne5 Bc6 46. Rxf7 Rxf7 47. Nxf7+ Ke6 48. b5 1-0